[Event "GER-chT Betriebe"]
[Site "Berlin"]
[Date "2006.10.08"]
[Round "7.2"]
[White "Strehlow, Horst"]
[Black "Hiltner, Peter"]
[Result "1-0"]
[WhiteElo "2135"]
[BlackElo "1718"]
[PlyCount "80"]
[EventDate "2006.10.05"]
[EventType "team-tourn"]
[EventRounds "7"]
[EventCountry "GER"]
[SourceTitle "EXT 2020"]
[Source "ChessBase"]
[SourceDate "2019.10.17"]
[SourceVersion "1"]
[SourceVersionDate "2019.10.17"]
[SourceQuality "1"]
[WhiteTeam "SG TaxiTeam/Wiheil"]
[BlackTeam "Muenchen Europ Patentamt II"]
[WhiteTeamCountry "GER"]
[BlackTeamCountry "GER"]

1. e4 e6 2. d4 d5 3. e5 c5 4. c3 Nc6 5. Nf3 cxd4 6. cxd4 Qb6 7. Nc3 Bb4 8. Bd3 Bd7 9. a3 Bxc3+ 10. bxc3 h6 11. 0-0 Nge7 12. Rb1 Qc7 13. Nd2 b6 14. f4 g6 15. Nf3 Na5 16. Qe1 Rc8 17. Ba6 Rd8 18. Qh4 Nc4 19. Qf6 Rh7 20. Re1 Rb8 21. Bxc4 dxc4 22. Nd2 Nd5 23. Qh4 Nxc3 24. Rb4 b5 25. Bb2 Nd5 26. Ne4 a5 27. f5 gxf5 28. Nd6+ Kf8 29. Bc1 h5 30. Rb2 f6 31. Rf2 Bc6 32. Rf3 Rd8 33. Bd2 Ra8 34. Kh1 Be8 35. Ref1 Bd7 36. Rg3 Qd8 37. Nb7 Qc7 38. Nc5 fxe5 39. Nxd7+ Qxd7 40. dxe5 Qe7 1-0

[Event "GER-chT Betriebe"]
[Site "Berlin"]
[Date "2006.10.06"]
[Round "3.2"]
[White "Norris, Ray"]
[Black "Hiltner, Peter"]
[Result "1-0"]
[WhiteElo "1560"]
[BlackElo "1718"]
[PlyCount "51"]
[EventDate "2006.10.05"]
[EventType "team-tourn"]
[EventRounds "7"]
[EventCountry "GER"]
[SourceTitle "EXT 2007"]
[Source "ChessBase"]
[SourceDate "2006.11.23"]
[SourceVersion "1"]
[SourceVersionDate "2006.11.23"]
[SourceQuality "1"]
[WhiteTeam "Deutsche Telekom Berlin"]
[BlackTeam "Muenchen Europ Patentamt II"]
[WhiteTeamCountry "GER"]
[BlackTeamCountry "GER"]

1. e4 e6 2. d4 d5 3. Be3 dxe4 4. f3 Nf6 5. Nd2 Nc6 6. Bb5 Bd7 7. c3 a6 8. Ba4 b5 9. Bc2 exf3 10. Ngxf3 h6 11. 0-0 Nd5 12. Bf2 Be7 13. Ne4 Nf6 14. Bg3 Nh5 15. Ne5 Nxe5 16. Qxh5 Ng6 17. Nc5 Bxc5 18. Bxg6 Bxd4+ 19. cxd4 0-0 20. Bxf7+ Kh8 21. Be5 Qg5 22. Qxg5 hxg5 23. Rac1 c6 24. Rc3 g4 25. Rf4 Be8 26. Rh3+ 1-0